Argentina: nový otřes či pouze "dotřes"?

Súčasná menovo-ekonomická, politická a sociálna kríza v Argentíne. Hlavné symptony argentínskej krízy v roku 2001-2002. Regionálne a nadregionálne implikácie.

Gespeichert in:
Bibliographische Detailangaben
1. Verfasser: Foltýn, Jaroslav
Format: Buchkapitel
Sprache:Tschechisch
Schlagworte:
Tags: Tag hinzufügen
Keine Tags, Fügen Sie das erste Tag hinzu!

MARC

LEADER 00000naa a2200000 4500
001 r045452
005 20231004105136.2
041 0 |a cze 
044 |a CZ 
245 1 0 |a Argentina: nový otřes či pouze "dotřes"?  |c Jaroslav Foltýn 
520 |a Súčasná menovo-ekonomická, politická a sociálna kríza v Argentíne. Hlavné symptony argentínskej krízy v roku 2001-2002. Regionálne a nadregionálne implikácie. 
610 2 0 |a kríza menová 
610 2 0 |a kríza banková 
610 2 0 |a kríza hospodárska 
610 2 0 |a Argentína 
610 2 0 |a úpadok hospodársky 
610 2 0 |a politika 
610 2 0 |a vzťahy politické medzinárodné 
100 1 |a Foltýn, Jaroslav